00285nam a2200109Ia 4500008004100000100002300041245001600064260000900080300003000089440002400119650003200143180117s9999 xx 000 0 und d aby Beth DAy Romulo aAnother Day c2017 a24 pages, 2017 January 15 aPhilippine Panorama aBILL GATES' NEW ENERGY FUND